[Event "Rapid Tournament (RAP)"]
[Site "Biel, CH"]
[Date "2025.07.13"]
[Round "6"]
[White "Grzeskowiak, Antoni"]
[Black "Baisse, Rose"]
[Result "1-0"]
[Board "55"]
[WhiteFideId "41855531"]
[BlackFideId "1357395"]
[WhiteElo "1801"]
[BlackElo "1565"]
[WhiteTeam "POL"]
[BlackTeam "SUI"]
[WhiteClock "0:00:48"]
[BlackClock "0:00:17"]
[Variant "Standard"]

1. d4 {[%clk 0:15:07]}  d5 {[%clk 0:15:09]} 2. Nf3 {[%clk 0:15:11]}  Nf6 {[%clk 0:15:13]} 3. Bf4 {[%clk 0:15:14]}  e6 {[%clk 0:15:09]} 4. e3 {[%clk 0:15:17]}  Be7 {[%clk 0:15:13]} 5. Nbd2 {[%clk 0:15:19]}  Nbd7 {[%clk 0:15:14]} 6. h3 {[%clk 0:15:18]}  a6 {[%clk 0:15:13]} 7. Be2 {[%clk 0:15:14]}  c5 {[%clk 0:15:13]} 8. c3 {[%clk 0:15:16]}  b5 {[%clk 0:15:17]} 9. a4 {[%clk 0:14:58]}  bxa4 {[%clk 0:14:36]} 10. Qxa4 {[%clk 0:14:28]}  O-O {[%clk 0:13:29]} 11. O-O {[%clk 0:14:12]}  Qb6 {[%clk 0:10:49]} 12. Rfb1 {[%clk 0:13:51]}  Bb7 {[%clk 0:10:18]} 13. Qa5 {[%clk 0:13:14]}  Qc6 {[%clk 0:09:49]} 14. Bd1 {[%clk 0:13:01]}  Qb5 {[%clk 0:08:49]} 15. Qa2 {[%clk 0:10:51]}  Nb6 {[%clk 0:07:58]} 16. Ne5 {[%clk 0:10:47]}  Nfd7 {[%clk 0:07:36]} 17. Qb3 {[%clk 0:08:46]}  cxd4 {[%clk 0:06:35]} 18. exd4 {[%clk 0:08:40]}  Qxb3 {[%clk 0:05:58]} 19. Nxb3 {[%clk 0:08:33]}  Nxe5 {[%clk 0:05:38]} 20. Bxe5 {[%clk 0:08:36]}  Nc4 {[%clk 0:05:41]} 21. Bf4 {[%clk 0:08:19]}  Rfc8 {[%clk 0:05:36]} 22. Be2 {[%clk 0:07:59]}  Bc6 {[%clk 0:04:41]} 23. Na5 {[%clk 0:07:29]}  Bb5 {[%clk 0:04:34]} 24. Nxc4 {[%clk 0:07:11]}  Bxc4 {[%clk 0:04:33]} 25. Bd1 {[%clk 0:07:05]}  a5 {[%clk 0:04:20]} 26. Bc2 {[%clk 0:06:35]}  Bb5 {[%clk 0:04:01]} 27. Ra2 {[%clk 0:06:08]}  h6 {[%clk 0:03:38]} 28. Rba1 {[%clk 0:06:06]}  Bd8 {[%clk 0:03:41]} 29. Bd6 {[%clk 0:06:08]}  Bb6 {[%clk 0:03:25]} 30. Ba4 {[%clk 0:05:21]}  Bd3 {[%clk 0:02:56]} 31. Bd1 {[%clk 0:04:25]}  Bb5 {[%clk 0:01:56]} 32. Bb4 {[%clk 0:04:04]}  Bc4 {[%clk 0:00:59]} 33. Ra3 {[%clk 0:03:55]}  Rcb8 {[%clk 0:00:20]} 34. Bc2 {[%clk 0:02:59]}  Bb5 {[%clk 0:00:21]} 35. Bxa5 {[%clk 0:02:50]}  Bxa5 {[%clk 0:00:25]} 36. Rxa5 {[%clk 0:02:54]}  Rxa5 {[%clk 0:00:27]} 37. Rxa5 {[%clk 0:02:57]}  Bc4 {[%clk 0:00:31]} 38. b4 {[%clk 0:02:47]}  g6 {[%clk 0:00:32]} 39. Ba4 {[%clk 0:02:42]}  Kf8 {[%clk 0:00:34]} 40. f3 {[%clk 0:02:36]}  Ke7 {[%clk 0:00:29]} 41. Kf2 {[%clk 0:02:39]}  Rb7 {[%clk 0:00:29]} 42. Bc6 {[%clk 0:02:36]}  Rb6 {[%clk 0:00:21]} 43. Ba4 {[%clk 0:02:06]}  Rb7 {[%clk 0:00:22]} 44. Ke3 {[%clk 0:02:09]}  Kd6 {[%clk 0:00:25]} 45. h4 {[%clk 0:02:07]}  h5 {[%clk 0:00:29]} 46. g3 {[%clk 0:02:08]}  f5 {[%clk 0:00:27]} 47. Kf4 {[%clk 0:02:07]}  Be2 {[%clk 0:00:25]} 48. Ke3 {[%clk 0:01:53]}  Bc4 {[%clk 0:00:26]} 49. Bd1 {[%clk 0:01:49]}  Bf1 {[%clk 0:00:14]} 50. Ba4 {[%clk 0:01:35]}  Rc7 {[%clk 0:00:16]} 51. Kd2 {[%clk 0:01:37]}  Bg2 {[%clk 0:00:18]} 52. f4 {[%clk 0:01:40]}  Bf1 {[%clk 0:00:20]} 53. Be8 {[%clk 0:01:41]}  Rg7 {[%clk 0:00:18]} 54. Rc5 {[%clk 0:01:39]}  Ba6 {[%clk 0:00:19]} 55. b5 {[%clk 0:01:42]}  Bb7 {[%clk 0:00:23]} 56. b6 {[%clk 0:01:45]}  Rg8 {[%clk 0:00:17]} 57. Bb5 {[%clk 0:01:45]}  Rb8 {[%clk 0:00:18]} 58. Rc7 {[%clk 0:01:47]}  Bc8 {[%clk 0:00:17]} 59. Rc6+ {[%clk 0:01:19]}  Ke7 {[%clk 0:00:17]} 60. Kc2 {[%clk 0:01:00]}  Kd8 {[%clk 0:00:07]} 61. Kb3 {[%clk 0:00:53]}  Bd7 {[%clk 0:00:11]} 62. Rd6 {[%clk 0:00:57]}  Rb7 {[%clk 0:00:13]} 63. Kb4 {[%clk 0:00:56]}  Ke7 {[%clk 0:00:16]} 64. Rxd7+ {[%clk 0:00:45]}  Rxd7 {[%clk 0:00:13]} 65. Bxd7 {[%clk 0:00:45]}  Kxd7 {[%clk 0:00:24]} 66. Kc5 {[%clk 0:00:48]}  Kc8 {[%clk 0:00:13]} 67. Kc6 {[%clk 0:00:45]}  Kb8 {[%clk 0:00:17]} 68. Kd6 {[%clk 0:00:48]} 1-0

[Event "Rapid Tournament (RAP)"]
[Site "Biel, CH"]
[Date "2025.07.13"]
[Round "7"]
[White "Kobalia, Mikhail"]
[Black "Bok, Benjamin"]
[Result "0-1"]
[Board "1"]
[WhiteFideId "4119150"]
[BlackFideId "1017063"]
[WhiteTitle "GM"]
[BlackTitle "GM"]
[WhiteElo "2509"]
[BlackElo "2585"]
[WhiteTeam "FID"]
[BlackTeam "NED"]
[WhiteClock "0:01:19"]
[BlackClock "0:00:21"]
[Variant "Standard"]

1. e4 {[%clk 0:15:08]}  c5 {[%clk 0:15:09]} 2. Nf3 {[%clk 0:15:12]}  d6 {[%clk 0:15:13]} 3. Bb5+ {[%clk 0:15:09]}  Nd7 {[%clk 0:15:17]} 4. O-O {[%clk 0:15:01]}  a6 {[%clk 0:15:20]} 5. Bd3 {[%clk 0:14:51]}  Ngf6 {[%clk 0:15:23]} 6. c3 {[%clk 0:14:47]}  g6 {[%clk 0:13:47]} 7. Bc2 {[%clk 0:14:50]}  b5 {[%clk 0:13:44]} 8. d4 {[%clk 0:14:53]}  Bb7 {[%clk 0:13:38]} 9. Re1 {[%clk 0:14:41]}  cxd4 {[%clk 0:13:31]} 10. cxd4 {[%clk 0:14:44]}  Bg7 {[%clk 0:13:31]} 11. e5 {[%clk 0:13:18]}  dxe5 {[%clk 0:13:27]} 12. dxe5 {[%clk 0:13:21]}  Nd5 {[%clk 0:13:28]} 13. e6 {[%clk 0:08:55]}  fxe6 {[%clk 0:13:32]} 14. Ng5 {[%clk 0:08:59]}  Nc5 {[%clk 0:13:36]} 15. Qf3 {[%clk 0:03:39]}  Rf8 {[%clk 0:08:33]} 16. Qh3 {[%clk 0:06:22]}  Qd6 {[%clk 0:08:17]} 17. Qxh7 {[%clk 0:05:58]}  Bd4 {[%clk 0:07:27]} 18. Nf3 {[%clk 0:05:14]}  Rxf3 {[%clk 0:07:08]} 19. gxf3 {[%clk 0:05:07]}  O-O-O {[%clk 0:05:22]} 20. Qh3 {[%clk 0:03:02]}  Rh8 {[%clk 0:00:48]} 21. Qg3 {[%clk 0:02:57]}  Qxg3+ {[%clk 0:00:32]} 22. hxg3 {[%clk 0:03:01]}  Nb4 {[%clk 0:00:36]} 23. Bd1 {[%clk 0:02:31]}  Nc2 {[%clk 0:00:39]} 24. Bd2 {[%clk 0:02:17]}  Nxe1 {[%clk 0:00:11]} 25. Bxe1 {[%clk 0:02:10]}  Bxb2 {[%clk 0:00:14]} 26. Bc3 {[%clk 0:02:10]}  Bxa1 {[%clk 0:00:16]} 27. Bxa1 {[%clk 0:02:14]}  Rd8 {[%clk 0:00:19]} 28. Be2 {[%clk 0:02:17]}  Nd3 {[%clk 0:00:21]} 29. Kf1 {[%clk 0:01:34]}  Nc1 {[%clk 0:00:23]} 30. a3 {[%clk 0:01:15]}  Nxe2 {[%clk 0:00:24]} 31. Kxe2 {[%clk 0:01:19]}  Bxf3+ {[%clk 0:00:21]} 0-1

[Event "Rapid Tournament (RAP)"]
[Site "Biel, CH"]
[Date "2025.07.13"]
[Round "7"]
[White "Karthikeyan, Murali"]
[Black "Yilmaz, Mustafa"]
[Result "0-1"]
[Board "2"]
[WhiteFideId "5074452"]
[BlackFideId "6302718"]
[WhiteTitle "GM"]
[BlackTitle "GM"]
[WhiteElo "2522"]
[BlackElo "2547"]
[WhiteTeam "IND"]
[BlackTeam "TUR"]
[WhiteClock "0:00:15"]
[BlackClock "0:00:21"]
[Variant "Standard"]

1. e4 {[%clk 0:15:09]}  e5 {[%clk 0:15:09]} 2. Nf3 {[%clk 0:15:11]}  Nc6 {[%clk 0:15:12]} 3. Nc3 {[%clk 0:14:51]}  Nf6 {[%clk 0:15:15]} 4. Bb5 {[%clk 0:15:00]}  Nd4 {[%clk 0:15:16]} 5. O-O {[%clk 0:15:03]}  c6 {[%clk 0:13:43]} 6. Bc4 {[%clk 0:14:00]}  d6 {[%clk 0:13:31]} 7. h3 {[%clk 0:13:21]}  Nxf3+ {[%clk 0:12:29]} 8. Qxf3 {[%clk 0:13:46]}  Be7 {[%clk 0:12:04]} 9. a4 {[%clk 0:13:30]}  O-O {[%clk 0:12:04]} 10. d3 {[%clk 0:13:10]}  Be6 {[%clk 0:12:07]} 11. Bxe6 {[%clk 0:12:43]}  fxe6 {[%clk 0:12:10]} 12. Qe2 {[%clk 0:12:46]}  Qe8 {[%clk 0:12:00]} 13. Be3 {[%clk 0:12:02]}  Qg6 {[%clk 0:11:55]} 14. a5 {[%clk 0:10:39]}  d5 {[%clk 0:11:56]} 15. Bd2 {[%clk 0:10:35]}  Bd6 {[%clk 0:11:42]} 16. Rae1 {[%clk 0:09:24]}  b5 {[%clk 0:10:06]} 17. axb6 {[%clk 0:04:59]}  axb6 {[%clk 0:10:21]} 18. Nd1 {[%clk 0:05:01]}  Nd7 {[%clk 0:08:42]} 19. Ne3 {[%clk 0:04:28]}  Ra2 {[%clk 0:08:30]} 20. Bc1 {[%clk 0:04:14]}  Bc5 {[%clk 0:07:06]} 21. Ng4 {[%clk 0:02:15]}  Bd4 {[%clk 0:06:43]} 22. Qd2 {[%clk 0:01:33]}  h5 {[%clk 0:05:45]} 23. Nh2 {[%clk 0:01:36]}  Bc5 {[%clk 0:03:51]} 24. Kh1 {[%clk 0:01:39]}  Ra4 {[%clk 0:01:29]} 25. Nf3 {[%clk 0:01:31]}  Bb4 {[%clk 0:01:19]} 26. c3 {[%clk 0:01:31]}  Bd6 {[%clk 0:01:23]} 27. Qc2 {[%clk 0:00:25]}  Rfa8 {[%clk 0:01:12]} 28. Ng5 {[%clk 0:00:21]}  Be7 {[%clk 0:01:01]} 29. Nf3 {[%clk 0:00:25]}  Bd6 {[%clk 0:00:55]} 30. Ng5 {[%clk 0:00:16]}  Be7 {[%clk 0:00:17]} 31. h4 {[%clk 0:00:19]}  Nc5 {[%clk 0:00:10]} 32. f3 {[%clk 0:00:18]}  Bxg5 {[%clk 0:00:10]} 33. Bxg5 {[%clk 0:00:21]}  Ra2 {[%clk 0:00:11]} 34. Be3 {[%clk 0:00:12]}  Qg3 {[%clk 0:00:11]} 35. Bf2 {[%clk 0:00:16]}  Qf4 {[%clk 0:00:16]} 36. Qb1 {[%clk 0:00:08]}  Qd2 {[%clk 0:00:16]} 37. Bxc5 {[%clk 0:00:06]}  bxc5 {[%clk 0:00:17]} 38. Qd1 {[%clk 0:00:06]}  Rxb2 {[%clk 0:00:19]} 39. Qxd2 {[%clk 0:00:09]}  Rxd2 {[%clk 0:00:22]} 40. exd5 {[%clk 0:00:13]}  cxd5 {[%clk 0:00:17]} 41. Rxe5 {[%clk 0:00:17]}  Raa2 {[%clk 0:00:18]} 42. Rg1 {[%clk 0:00:13]}  Rxd3 {[%clk 0:00:20]} 43. c4 {[%clk 0:00:13]}  Rd4 {[%clk 0:00:24]} 44. cxd5 {[%clk 0:00:15]}  Rxh4# {[%clk 0:00:21]} 0-1

[Event "Rapid Tournament (RAP)"]
[Site "Biel, CH"]
[Date "2025.07.13"]
[Round "7"]
[White "Sharif, Mehrshad"]
[Black "Kappeler, Kaspar"]
[Result "1-0"]
[Board "3"]
[WhiteFideId "600121"]
[BlackFideId "1309072"]
[WhiteTitle "IM"]
[BlackTitle "FM"]
[WhiteElo "2334"]
[BlackElo "2178"]
[WhiteTeam "FRA"]
[BlackTeam "SUI"]
[WhiteClock "0:12:56"]
[BlackClock "0:06:25"]
[Variant "Standard"]

1. Nf3 {[%clk 0:15:08]}  d5 {[%clk 0:15:02]} 2. g3 {[%clk 0:15:11]}  c5 {[%clk 0:15:04]} 3. Bg2 {[%clk 0:15:15]}  Nc6 {[%clk 0:15:06]} 4. d4 {[%clk 0:15:18]}  e6 {[%clk 0:14:56]} 5. O-O {[%clk 0:15:19]}  Nf6 {[%clk 0:14:57]} 6. c4 {[%clk 0:15:23]}  dxc4 {[%clk 0:14:58]} 7. Ne5 {[%clk 0:15:26]}  Bd7 {[%clk 0:14:58]} 8. Na3 {[%clk 0:15:30]}  cxd4 {[%clk 0:14:55]} 9. Naxc4 {[%clk 0:15:32]}  Bc5 {[%clk 0:14:30]} 10. Qb3 {[%clk 0:15:31]}  Qc7 {[%clk 0:13:16]} 11. Nd3 {[%clk 0:13:39]}  Na5 {[%clk 0:10:00]} 12. Nxa5 {[%clk 0:13:09]}  Qxa5 {[%clk 0:10:03]} 13. Qxb7 {[%clk 0:10:35]}  O-O {[%clk 0:06:41]} 14. b4 {[%clk 0:12:53]}  Bxb4 {[%clk 0:06:25]} 15. Qxb4 {[%clk 0:12:56]} 1-0

[Event "Rapid Tournament (RAP)"]
[Site "Biel, CH"]
[Date "2025.07.13"]
[Round "7"]
[White "Maier, Christian"]
[Black "Bai, Xue"]
[Result "1/2-1/2"]
[Board "4"]
[WhiteFideId "4601955"]
[BlackFideId "8608717"]
[WhiteTitle "IM"]
[WhiteElo "2250"]
[BlackElo "2035"]
[WhiteTeam "GER"]
[BlackTeam "CHN"]
[WhiteClock "0:02:48"]
[BlackClock "0:01:55"]
[Variant "Standard"]

1. e4 {[%clk 0:15:04]}  e5 {[%clk 0:15:08]} 2. Nf3 {[%clk 0:15:07]}  Nc6 {[%clk 0:15:12]} 3. Bb5 {[%clk 0:15:09]}  a6 {[%clk 0:15:15]} 4. Ba4 {[%clk 0:15:13]}  Nf6 {[%clk 0:15:18]} 5. d3 {[%clk 0:15:16]}  b5 {[%clk 0:15:17]} 6. Bb3 {[%clk 0:15:19]}  Be7 {[%clk 0:15:20]} 7. Nc3 {[%clk 0:15:20]}  d6 {[%clk 0:15:21]} 8. a3 {[%clk 0:15:01]}  Bg4 {[%clk 0:14:48]} 9. Ne2 {[%clk 0:14:16]}  d5 {[%clk 0:14:04]} 10. exd5 {[%clk 0:13:37]}  Nxd5 {[%clk 0:14:04]} 11. d4 {[%clk 0:13:29]}  e4 {[%clk 0:12:20]} 12. Ne5 {[%clk 0:12:19]}  Nxe5 {[%clk 0:10:38]} 13. dxe5 {[%clk 0:12:21]}  Nb6 {[%clk 0:10:15]} 14. Qxd8+ {[%clk 0:11:52]}  Rxd8 {[%clk 0:10:18]} 15. h3 {[%clk 0:11:50]}  Bxe2 {[%clk 0:09:56]} 16. Kxe2 {[%clk 0:11:53]}  c5 {[%clk 0:10:00]} 17. c3 {[%clk 0:11:41]}  O-O {[%clk 0:09:36]} 18. Bc2 {[%clk 0:11:40]}  Nc4 {[%clk 0:09:00]} 19. Bxe4 {[%clk 0:11:36]}  Nxe5 {[%clk 0:09:03]} 20. a4 {[%clk 0:10:51]}  Rfe8 {[%clk 0:07:38]} 21. axb5 {[%clk 0:10:42]}  axb5 {[%clk 0:07:34]} 22. Rd1 {[%clk 0:10:45]}  b4 {[%clk 0:07:12]} 23. f4 {[%clk 0:07:44]}  Rxd1 {[%clk 0:07:11]} 24. Kxd1 {[%clk 0:07:48]}  Nc4 {[%clk 0:06:42]} 25. Kc2 {[%clk 0:07:06]}  Bf8 {[%clk 0:06:26]} 26. Bd5 {[%clk 0:06:07]}  Nb6 {[%clk 0:05:56]} 27. Bf3 {[%clk 0:04:57]}  g6 {[%clk 0:05:53]} 28. cxb4 {[%clk 0:04:46]}  cxb4 {[%clk 0:05:57]} 29. Bd2 {[%clk 0:04:37]}  Nc4 {[%clk 0:05:55]} 30. b3 {[%clk 0:04:03]}  Nxd2 {[%clk 0:05:23]} 31. Kxd2 {[%clk 0:04:05]}  Bc5 {[%clk 0:05:09]} 32. Kd3 {[%clk 0:03:53]}  Re3+ {[%clk 0:04:35]} 33. Kc4 {[%clk 0:03:57]}  Bd6 {[%clk 0:04:19]} 34. Ra7 {[%clk 0:02:55]}  Rc3+ {[%clk 0:04:07]} 35. Kb5 {[%clk 0:02:59]}  Rc5+ {[%clk 0:03:44]} 36. Kb6 {[%clk 0:03:00]}  Rc3 {[%clk 0:02:24]} 37. Kb5 {[%clk 0:02:48]}  Rc5+ {[%clk 0:01:55]} 1/2-1/2

[Event "Rapid Tournament (RAP)"]
[Site "Biel, CH"]
[Date "2025.07.13"]
[Round "7"]
[White "Talwalkar, Vedant"]
[Black "Schweizer, Simon"]
[Result "0-1"]
[Board "5"]
[WhiteFideId "30962498"]
[BlackFideId "1325361"]
[WhiteTitle "FM"]
[WhiteElo "2014"]
[BlackElo "2131"]
[WhiteTeam "USA"]
[BlackTeam "JPN"]
[WhiteClock "0:00:15"]
[BlackClock "0:06:18"]
[Variant "Standard"]

1. e4 {[%clk 0:15:05]}  e5 {[%clk 0:15:06]} 2. Nf3 {[%clk 0:15:08]}  Nc6 {[%clk 0:15:09]} 3. Bb5 {[%clk 0:15:12]}  a6 {[%clk 0:15:12]} 4. Ba4 {[%clk 0:15:16]}  Nf6 {[%clk 0:15:14]} 5. d3 {[%clk 0:15:19]}  d6 {[%clk 0:15:16]} 6. c3 {[%clk 0:15:23]}  g6 {[%clk 0:15:19]} 7. O-O {[%clk 0:15:23]}  Bg7 {[%clk 0:15:23]} 8. Re1 {[%clk 0:15:14]}  O-O {[%clk 0:15:23]} 9. Nbd2 {[%clk 0:15:03]}  Bd7 {[%clk 0:14:50]} 10. Nf1 {[%clk 0:14:58]}  b5 {[%clk 0:14:52]} 11. Bc2 {[%clk 0:14:46]}  h6 {[%clk 0:14:34]} 12. Ng3 {[%clk 0:14:38]}  d5 {[%clk 0:14:17]} 13. Be3 {[%clk 0:13:32]}  dxe4 {[%clk 0:13:51]} 14. dxe4 {[%clk 0:13:35]}  Be6 {[%clk 0:13:49]} 15. Qc1 {[%clk 0:13:10]}  Kh7 {[%clk 0:13:18]} 16. Rd1 {[%clk 0:13:15]}  Qe7 {[%clk 0:12:58]} 17. b4 {[%clk 0:12:39]}  Rfd8 {[%clk 0:12:55]} 18. Bc5 {[%clk 0:12:16]}  Qe8 {[%clk 0:12:57]} 19. h3 {[%clk 0:11:40]}  Nd7 {[%clk 0:12:38]} 20. Be3 {[%clk 0:11:19]}  Ne7 {[%clk 0:11:48]} 21. a4 {[%clk 0:10:08]}  Nb6 {[%clk 0:11:37]} 22. axb5 {[%clk 0:08:53]}  axb5 {[%clk 0:11:36]} 23. Rxa8 {[%clk 0:07:48]}  Rxa8 {[%clk 0:11:39]} 24. Bxb6 {[%clk 0:07:15]}  cxb6 {[%clk 0:11:42]} 25. Qe3 {[%clk 0:07:04]}  Qc6 {[%clk 0:11:40]} 26. Nh4 {[%clk 0:04:54]}  Ra2 {[%clk 0:11:16]} 27. Bb1 {[%clk 0:03:56]}  Ra3 {[%clk 0:11:08]} 28. Nhf5 {[%clk 0:03:22]}  Ng8 {[%clk 0:11:05]} 29. Rc1 {[%clk 0:02:17]}  Bf6 {[%clk 0:11:01]} 30. Qd3 {[%clk 0:01:03]}  gxf5 {[%clk 0:10:50]} 31. exf5 {[%clk 0:00:20]}  Ba2 {[%clk 0:10:10]} 32. Bxa2 {[%clk 0:00:46]}  Rxa2 {[%clk 0:10:12]} 33. Ne4 {[%clk 0:00:49]}  Qc4 {[%clk 0:09:44]} 34. Qf3 {[%clk 0:00:32]}  Qe2 {[%clk 0:09:02]} 35. Qxe2 {[%clk 0:00:23]}  Rxe2 {[%clk 0:09:19]} 36. Nd6 {[%clk 0:00:27]}  Ne7 {[%clk 0:09:12]} 37. g4 {[%clk 0:00:18]}  Nd5 {[%clk 0:09:08]} 38. Nxb5 {[%clk 0:00:20]}  Nf4 {[%clk 0:09:11]} 39. c4 {[%clk 0:00:13]}  Nd3 {[%clk 0:09:06]} 40. Rd1 {[%clk 0:00:11]}  Nxb4 {[%clk 0:09:08]} 41. Rd7 {[%clk 0:00:14]}  Bh4 {[%clk 0:09:00]} 42. Rxf7+ {[%clk 0:00:15]}  Kg8 {[%clk 0:09:04]} 43. Rb7 {[%clk 0:00:17]}  Nd3 {[%clk 0:08:34]} 44. Rb8+ {[%clk 0:00:12]}  Kg7 {[%clk 0:08:37]} 45. Rb7+ {[%clk 0:00:16]}  Kf6 {[%clk 0:08:29]} 46. Nc3 {[%clk 0:00:10]}  Re1+ {[%clk 0:08:26]} 47. Kh2 {[%clk 0:00:08]}  e4 {[%clk 0:08:26]} 48. Rxb6+ {[%clk 0:00:07]}  Ke5 {[%clk 0:08:26]} 49. Nd5 {[%clk 0:00:07]}  Re2 {[%clk 0:06:22]} 50. Re6+ {[%clk 0:00:06]}  Kd4 {[%clk 0:06:24]} 51. f6 {[%clk 0:00:10]}  Rxf2+ {[%clk 0:06:20]} 52. Kg1 {[%clk 0:00:15]}  Ne1 {[%clk 0:06:18]} 0-1

[Event "Rapid Tournament (RAP)"]
[Site "Biel, CH"]
[Date "2025.07.13"]
[Round "7"]
[White "Gruenfeld, Yehuda"]
[Black "Shvedova, Alexandra"]
[Result "0-1"]
[Board "6"]
[WhiteFideId "2800020"]
[BlackFideId "54154782"]
[WhiteTitle "GM"]
[BlackTitle "WFM"]
[WhiteElo "2308"]
[BlackElo "2177"]
[WhiteTeam "ISR"]
[BlackTeam "ITA"]
[WhiteClock "0:00:12"]
[BlackClock "0:00:16"]
[Variant "Standard"]

1. e4 {[%clk 0:15:04]}  c5 {[%clk 0:15:08]} 2. Nf3 {[%clk 0:15:07]}  d6 {[%clk 0:15:12]} 3. d4 {[%clk 0:15:09]}  cxd4 {[%clk 0:15:15]} 4. Nxd4 {[%clk 0:15:13]}  Nf6 {[%clk 0:15:19]} 5. Nc3 {[%clk 0:15:17]}  a6 {[%clk 0:15:23]} 6. Be2 {[%clk 0:15:20]}  e5 {[%clk 0:15:25]} 7. Nb3 {[%clk 0:15:24]}  Be7 {[%clk 0:15:26]} 8. Be3 {[%clk 0:15:27]}  Be6 {[%clk 0:15:27]} 9. Nd5 {[%clk 0:15:29]}  Nxd5 {[%clk 0:15:07]} 10. exd5 {[%clk 0:15:33]}  Bf5 {[%clk 0:15:02]} 11. a4 {[%clk 0:15:13]}  a5 {[%clk 0:14:39]} 12. O-O {[%clk 0:14:44]}  O-O {[%clk 0:14:14]} 13. Qd2 {[%clk 0:14:00]}  Nd7 {[%clk 0:14:32]} 14. f4 {[%clk 0:12:34]}  exf4 {[%clk 0:14:27]} 15. Rxf4 {[%clk 0:12:37]}  Bg6 {[%clk 0:14:22]} 16. Nd4 {[%clk 0:12:36]}  Bg5 {[%clk 0:13:44]} 17. Rf3 {[%clk 0:12:40]}  Bxe3+ {[%clk 0:13:40]} 18. Rxe3 {[%clk 0:12:42]}  Ne5 {[%clk 0:13:14]} 19. Rb3 {[%clk 0:12:28]}  Qc7 {[%clk 0:12:08]} 20. Qc3 {[%clk 0:11:33]}  Qe7 {[%clk 0:11:39]} 21. Qd2 {[%clk 0:11:17]}  Rfc8 {[%clk 0:11:16]} 22. Rc3 {[%clk 0:11:05]}  Rxc3 {[%clk 0:10:44]} 23. Qxc3 {[%clk 0:11:09]}  Be4 {[%clk 0:10:30]} 24. Rd1 {[%clk 0:10:02]}  Qg5 {[%clk 0:09:39]} 25. Qg3 {[%clk 0:08:44]}  Qd8 {[%clk 0:07:50]} 26. c4 {[%clk 0:08:12]}  Rc8 {[%clk 0:07:41]} 27. b3 {[%clk 0:08:16]}  Bg6 {[%clk 0:06:31]} 28. h4 {[%clk 0:07:47]}  h5 {[%clk 0:06:47]} 29. Nb5 {[%clk 0:07:36]}  Qe7 {[%clk 0:06:11]} 30. Rf1 {[%clk 0:07:09]}  Rd8 {[%clk 0:06:02]} 31. Qg5 {[%clk 0:06:43]}  Qxg5 {[%clk 0:04:41]} 32. hxg5 {[%clk 0:06:47]}  Kf8 {[%clk 0:04:44]} 33. Kf2 {[%clk 0:06:40]}  Ke7 {[%clk 0:04:41]} 34. Rh1 {[%clk 0:06:42]}  Rh8 {[%clk 0:04:32]} 35. Rh4 {[%clk 0:06:45]}  Nd3+ {[%clk 0:03:38]} 36. Bxd3 {[%clk 0:05:07]}  Bxd3 {[%clk 0:03:41]} 37. Ke3 {[%clk 0:05:06]}  Bg6 {[%clk 0:03:15]} 38. Kd4 {[%clk 0:04:52]}  b6 {[%clk 0:02:48]} 39. Rh1 {[%clk 0:04:52]}  Kd7 {[%clk 0:02:44]} 40. Rh4 {[%clk 0:04:27]}  Re8 {[%clk 0:02:42]} 41. Nc3 {[%clk 0:04:31]}  Re5 {[%clk 0:02:24]} 42. g4 {[%clk 0:04:23]}  Rxg5 {[%clk 0:02:16]} 43. gxh5 {[%clk 0:04:20]}  Rxh5 {[%clk 0:02:10]} 44. Rg4 {[%clk 0:04:30]}  Rh3 {[%clk 0:02:10]} 45. Ne4 {[%clk 0:03:36]}  Rxb3 {[%clk 0:02:08]} 46. Nc3 {[%clk 0:02:39]}  Rb2 {[%clk 0:02:08]} 47. Ke3 {[%clk 0:02:39]}  Rc2 {[%clk 0:02:03]} 48. Nb5 {[%clk 0:02:24]}  Rc1 {[%clk 0:02:02]} 49. Kd2 {[%clk 0:02:11]}  Rh1 {[%clk 0:01:55]} 50. Rg3 {[%clk 0:02:02]}  Rh2+ {[%clk 0:01:54]} 51. Kc3 {[%clk 0:02:05]}  Ra2 {[%clk 0:01:23]} 52. Kb3 {[%clk 0:02:08]}  Re2 {[%clk 0:01:26]} 53. Nd4 {[%clk 0:02:08]}  Re4 {[%clk 0:01:24]} 54. Kc3 {[%clk 0:02:12]}  Ke7 {[%clk 0:01:19]} 55. Nc6+ {[%clk 0:02:10]}  Kf6 {[%clk 0:01:20]} 56. Rf3+ {[%clk 0:02:13]}  Kg5 {[%clk 0:01:23]} 57. Nd4 {[%clk 0:02:17]}  Rf4 {[%clk 0:01:06]} 58. Re3 {[%clk 0:02:04]}  Bh5 {[%clk 0:00:49]} 59. Re7 {[%clk 0:01:51]}  Kf6 {[%clk 0:00:27]} 60. Rd7 {[%clk 0:01:41]}  g5 {[%clk 0:00:23]} 61. Nc6 {[%clk 0:01:41]}  g4 {[%clk 0:00:15]} 62. Rxd6+ {[%clk 0:01:45]}  Kg5 {[%clk 0:00:18]} 63. Rd8 {[%clk 0:01:37]}  g3 {[%clk 0:00:21]} 64. Rg8+ {[%clk 0:01:40]}  Bg6 {[%clk 0:00:25]} 65. d6 {[%clk 0:01:26]}  Rf3+ {[%clk 0:00:29]} 66. Kb2 {[%clk 0:01:28]}  Rd3 {[%clk 0:00:29]} 67. Ne5 {[%clk 0:01:29]}  g2 {[%clk 0:00:13]} 68. Nxd3 {[%clk 0:01:32]}  g1=Q {[%clk 0:00:11]} 69. d7 {[%clk 0:00:15]}  Qd4+ {[%clk 0:00:20]} 70. Ka2 {[%clk 0:00:11]}  Qxd7 {[%clk 0:00:19]} 71. Nb2 {[%clk 0:00:15]}  Kf6 {[%clk 0:00:13]} 72. Rb8 {[%clk 0:00:11]}  Qc7 {[%clk 0:00:14]} 73. Rh8 {[%clk 0:00:12]}  Bd3 {[%clk 0:00:09]} 74. Rh4 {[%clk 0:00:08]}  Be2 {[%clk 0:00:12]} 75. Re4 {[%clk 0:00:13]}  Bf3 {[%clk 0:00:15]} 76. Rd4 {[%clk 0:00:13]}  Kg5 {[%clk 0:00:13]} 77. Kb3 {[%clk 0:00:12]}  f5 {[%clk 0:00:16]} 78. Kc3 {[%clk 0:00:12]} 0-1

[Event "Rapid Tournament (RAP)"]
[Site "Biel, CH"]
[Date "2025.07.13"]
[Round "7"]
[White "Panchanathan, Magesh Chandran"]
[Black "Rohrer, Christophe"]
[Result "1-0"]
[Board "7"]
[WhiteFideId "5007429"]
[BlackFideId "1326546"]
[WhiteTitle "GM"]
[BlackTitle "FM"]
[WhiteElo "2454"]
[BlackElo "2201"]
[WhiteTeam "IND"]
[BlackTeam "SUI"]
[WhiteClock "0:09:20"]
[BlackClock "0:03:34"]
[Variant "Standard"]

1. Nf3 {[%clk 0:14:17]}  Nf6 {[%clk 0:15:07]} 2. g3 {[%clk 0:14:17]}  d5 {[%clk 0:15:08]} 3. Bg2 {[%clk 0:14:21]}  e6 {[%clk 0:15:12]} 4. O-O {[%clk 0:14:24]}  b5 {[%clk 0:14:57]} 5. a4 {[%clk 0:13:45]}  b4 {[%clk 0:14:45]} 6. c4 {[%clk 0:13:46]}  bxc3 {[%clk 0:14:17]} 7. Nxc3 {[%clk 0:13:25]}  c5 {[%clk 0:13:38]} 8. d4 {[%clk 0:13:23]}  Nc6 {[%clk 0:13:32]} 9. a5 {[%clk 0:13:19]}  Be7 {[%clk 0:12:44]} 10. dxc5 {[%clk 0:13:22]}  Bxc5 {[%clk 0:12:41]} 11. e4 {[%clk 0:13:26]}  Ba6 {[%clk 0:10:46]} 12. Qa4 {[%clk 0:12:42]}  Qd7 {[%clk 0:10:00]} 13. exd5 {[%clk 0:11:50]}  exd5 {[%clk 0:09:12]} 14. Re1+ {[%clk 0:11:29]}  Be7 {[%clk 0:09:07]} 15. Bg5 {[%clk 0:10:48]}  O-O {[%clk 0:08:52]} 16. Rxe7 {[%clk 0:10:47]}  Nxe7 {[%clk 0:08:36]} 17. Qxd7 {[%clk 0:10:50]}  Nxd7 {[%clk 0:08:39]} 18. Bxe7 {[%clk 0:10:53]}  Rfe8 {[%clk 0:08:25]} 19. Bd6 {[%clk 0:10:53]}  Re6 {[%clk 0:07:22]} 20. Bf4 {[%clk 0:10:54]}  Nf6 {[%clk 0:06:26]} 21. Nd4 {[%clk 0:10:42]}  Ree8 {[%clk 0:06:20]} 22. Nxd5 {[%clk 0:10:11]}  Nxd5 {[%clk 0:06:11]} 23. Bxd5 {[%clk 0:10:14]}  Rad8 {[%clk 0:06:07]} 24. Bc6 {[%clk 0:10:17]}  Re7 {[%clk 0:06:01]} 25. Be3 {[%clk 0:10:19]}  Rc7 {[%clk 0:05:51]} 26. Bf3 {[%clk 0:10:19]}  g6 {[%clk 0:05:14]} 27. b4 {[%clk 0:09:49]}  Rc3 {[%clk 0:03:52]} 28. b5 {[%clk 0:09:44]}  Bc8 {[%clk 0:03:35]} 29. Nc6 {[%clk 0:09:40]}  Rdd3 {[%clk 0:03:30]} 30. Ne7+ {[%clk 0:09:13]}  Kf8 {[%clk 0:03:31]} 31. Nxc8 {[%clk 0:09:16]}  Rxc8 {[%clk 0:03:34]} 32. b6 {[%clk 0:09:20]} 1-0